| 000 | 01279cam a2200253 4500 | ||
|---|---|---|---|
| 001 | ABS65047 | ||
| 008 | 020125n2001 000 0 eng u | ||
| 035 | _a(Sirsi) u116444 | ||
| 100 | _aNorwood, G | ||
| 245 | _aAgents sow the seeds for spring | ||
| 260 | _c2001 | ||
| 490 |
_aEstates Gazette _v(0201) 5 January 2002, 62-63(2) |
||
| 520 | _aIllustrates how the key players in residential estate agency are investing in revamped websites to gain a competitive edge over their rivals. Outlines the plans of Hamptons International to transform http://www.hamptons.co.uk into a 'personalised website' with features such as quick and detailed search options, email updates, online surveys, house price information and market commentary. Also includes details of Jackson-Stops & Staff plans to improve its website http://www.jackson-stops.co.uk and the 'no charge' website Pureproperty.com run by estate agent Foxtons. Concludes by highlighting the new RICS website. | ||
| 590 | _aABS | ||
| 650 | _aJACKSON-STOPS & STAFF | ||
| 650 | _aPUREPROPERTY | ||
| 650 | _aRICS | ||
| 650 | _aPROPERTY INFORMATION | ||
| 650 | _aHAMPTONS INTERNATIONAL | ||
| 650 | _aWEBSITES | ||
| 650 | _aRESIDENTIAL ESTATE AGENCY | ||
| 690 | _aINFORMATION TECHNOLOGY-INTERNET | ||
| 942 | _n0 | ||
| 999 |
_c69366 _d69366 |
||